MAASAI MARA UNIVERSITY

LIBRARY CATALOGUE

Contact Us: +254 020 2685356/7 or 0774 057787

Box: 861-20500, NAROK, KENYA

Email: info@mmarau.ac.ke

Kswahili: (Record no. 18360)

MARC details
000 -LEADER
fixed length control field 00524nam a22001817a 4500
003 - CONTROL NUMBER IDENTIFIER
control field OSt
005 - DATE AND TIME OF LATEST TRANSACTION
control field 20220210032734.0
008 - FIXED-LENGTH DATA ELEMENTS--GENERAL INFORMATION
fixed length control field 160722b xxu||||| |||| 00| 0 eng d
020 ## - INTERNATIONAL STANDARD BOOK NUMBER
International Standard Book Number 0856048-X
040 ## - CATALOGING SOURCE
Original cataloging agency MMU
Language of cataloging eng
Transcribing agency MMU
Modifying agency MMU
050 ## - LIBRARY OF CONGRESS CALL NUMBER
Classification number PL8704
Item number .K62 2004
100 ## - MAIN ENTRY--PERSONAL NAME
Personal name Massamba,D.P.B
245 ## - TITLE STATEMENT
Title Kswahili:
Remainder of title Jarida la taasisi ya taaluma za kiswahili/
Statement of responsibility, etc. D.P.B Massamba.
260 ## - PUBLICATION, DISTRIBUTION, ETC. (IMPRINT)
Place of publication, distribution, etc. Dar es salaam:
Name of publisher, distributor, etc. Taasisi ya taaluma za kiswahili,
Date of publication, distribution, etc. 2004.
300 ## - PHYSICAL DESCRIPTION
Extent vii,154 p. :
650 ## - SUBJECT ADDED ENTRY--TOPICAL TERM
Source of heading or term kiswahili
942 ## - ADDED ENTRY ELEMENTS (KOHA)
Source of classification or shelving scheme Library of Congress Classification
Koha item type SL
Holdings
Withdrawn status Lost status Source of classification or shelving scheme Damaged status Not for loan Home library Current library Date acquired Source of acquisition Total Checkouts Full call number Barcode Date last seen Date last checked out Price effective from Koha item type
    Library of Congress Classification     Maasai Mara University Library -Main Campus Maasai Mara University Library -Main Campus 07/22/2016 Purchased 2 PL8704.K62 2004 201211154 03/18/2021 03/11/2021 07/22/2016 SL
    Library of Congress Classification     Maasai Mara University Library -Main Campus Maasai Mara University Library -Main Campus 07/22/2016 Purchased 1 PL8704.K62 2004 201211155 10/06/2017 09/29/2017 07/22/2016 SL
© 2016 Maasai Mara University.